| 000 | 00684nam a2200181Ia 4500 | ||
|---|---|---|---|
| 008 | 151018s9999 xx 000 0 und d | ||
| 082 |
_bRBASDV32016 _a900 |
||
| 100 | _aनारायण परब | ||
| 245 | _aसिंधुदुर्ग जिल्हातील बारा | ||
| 250 | _b1 | ||
| 260 |
_bप्रतिमा प्रकाशन पुणे _c1997 |
||
| 300 | _a30 | ||
| 600 | _aनारायण परब | ||
| 630 | _aसिंधुदुर्ग जिल्हातील बारा | ||
| 700 | _aनारायण परब | ||
| 730 | _aसिंधुदुर्ग जिल्हातील बारा | ||
| 942 | _cBOOK | ||
| 999 |
_c1031544 _d1031541 |
||